000 00473nam a2200181Ia 4500
005 20260526110557.0
008 131103s9999 xx 000 0 und d
040 _aLoreto College
041 _aEnglish
082 _a821.08A
_bMOO
245 _aAustralian Poetry 1946
_cSelected by T. Inglis Moore
260 _aSydney
_bAngus and Robertson
_c1956
300 _a78p.
650 _aEnglish Poetry
700 _aMoore, T. Inglis; Secl.
850 _aLCLIB
942 _cBK
999 _c20961
_d71440